000 00825nam a2200253 i 4500
001 bg
100 1 _aGABRYSZEWSKI, Zdzisław
245 1 0 _aTeoria sprężystości i plastyczności /
_cZdzisław Gabryszewski.
250 _aWyd. 2 popr. i uzup.
260 _aWrocław :
_bOficyna Wydawnicza Politechniki Wrocławskiej,
_c2001.
300 _a381 s. :
_bil. ;
_c24 cm.
504 _aBibliogr.
650 9 _aPlastyczność
_xteoria
650 9 _aSprężystość
_xteoria
655 _aPodręczniki akademickie
020 _a8370855342
040 _cBPK
041 0 _apol
080 _a539.3/.6(075.8)
920 _a83-7085-534-2
942 _cKS
008 s pl f |000 0 pol
999 _c43414
_d43414
856 _uhttp://koha.tu.koszalin.pl/cgi-bin/koha/opac-detail.pl?biblionumber=43414
_yKatalog online BPK